HIMNARIO BAUTISTA /

Uloženo v:
Podrobná bibliografie
Další autoři: Broda, Natalio Aldo (dirección) (dirección)
Médium: Kniha
Vydání:4a edición
Témata:
Tagy: Přidat tag
Žádné tagy, Buďte první, kdo vytvoří štítek k tomuto záznamu!

MARC

LEADER 00000nam^a2200000^a^4500
001 000234163
005 20250521000000.0
009 20260310104715.626
035 |a 057065 
037 |a Acervo Xavier Clavigero 
082 |a 264. 2  |b HIM 
245 1 0 |a HIMNARIO BAUTISTA /  |c DIR. NATALIO ALDO BRODA 
250 |a 4a edición 
264 |a ARGENTINA :  |b CASA BAUTISTA,  |c 1980 
300 |a 609 p. 
336 |a texto  |b txt  |2 rdacontenido 
337 |a sin mediación  |b n  |2 rdamedio 
338 |a volumen  |b nc  |2 rdasoporte 
649 |a XX 
650 |a Bautistas 
650 |a Himno Litúrgico -  |x Historia y Crítica 
650 |a Música Sacra -  |x Historia y Crítica 
700 |a Broda, Natalio Aldo  |e (dirección) 
910 |a Fondo General 
920 |a Impresos - Libros 
930 |a Colección General 
905 |a 101 
901 |a 057065  |b IT1  |c ACC  |i 057065  |u 20250521 
902 |a https://opac.biblio.iteso.mx/vufind/Record/000234163